000 00686nam a22002057a 4500
005 20251108164118.0
008 250721s1996 xx 000 0 ara d
082 1 4 _a025.4/نور
100 1 _aأبو النور، عبد الوهاب عبد السلام
245 1 0 _aنظم التصنيف في الوطن العربي /
264 1 _aالقاهرة :
_bعالم الكتب،
_c1996.
300 _a139ص.
490 0 _aسلسلة الخطه العربيه للتصنيف
650 1 7 _aالتحليل الموضوعي
650 1 7 _aالمكتبات
650 1 7 _aالفهرسة الموضوعية
650 1 7 _aالبلدان العربية
942 _2ddc
_cBK
999 _c3897
_d3897